000 00557nam a2200181 a 4500
003 BD-DhJNU
005 20250626044100.0
008 250501s1987 ii a b 001 0 eng
040 _aBD-DhJNU
_bENG
_cBD-DhJNU
_dBD-DhJNU
082 0 0 _a320.954 KHP
_223
100 1 _aKhan, Bazlur Rahman
245 1 0 _aPolitics in Bengla 1927-1936 /
_cBazlur Rahman Khan
260 _aDhaka :
_bAsiatic Society of Bangladesh,
_c1987.
300 _axvi, 252 p. :
_bill. ;
_c24 cm.
504 _aIncludes bibliographical references and index.
650 0 _aPolitics
942 _cBK
999 _c1833
_d1833